| 000 | 00585nam a22001817a 4500 | ||
|---|---|---|---|
| 005 | 20251108174821.0 | ||
| 008 | 250721s2008 xx 000 0 ara d | ||
| 082 | 1 | 4 | _a133.9/يسر |
| 100 | 1 | _aيسرى، ماهر | |
| 245 | 1 | 0 | _aالتواصل مع الأرواح و العالم الأخر / |
| 264 | 1 |
_aالجيزة : _bدار مشارق، _c2008. |
|
| 300 | _a183ص. | ||
| 490 | 0 |
_aالميتافيزيقا - علوم ما وراء الطبيعة _vج2. |
|
| 650 | 1 | 7 | _aعلم الوجود |
| 650 | 1 | 7 | _aعلم الميتافيزيقا |
| 942 |
_2ddc _cBK |
||
| 999 |
_c118832 _d118832 |
||